Lyrics to "Rearview" by Brenn! - Statistics

General Stats
  • This quiz has been taken 9 times
  • The average score is 195 of 250
Answer Stats
Answer % Correct
a
100%
and
100%
could
100%
I
100%
the
100%
To
100%
to
100%
you
100%
You
100%
back
83%
bring
83%
from
83%
hands
83%
have
83%
in
83%
It
83%
me?
83%
me
83%
mirror
83%
Movie
83%
movie
83%
nights
83%
of
83%
Paint
83%
Painted
83%
rearview
83%
said
83%
Said
83%
saw
83%
say
83%
walls
83%
was
83%
What
83%
your
83%
Against
67%
Before
67%
gray
67%
hall
67%
hate
67%
home
67%
it's
67%
lack
67%
Lack
67%
living
67%
love
67%
now
67%
Oh
67%
on
67%
One
67%
plates
67%
scattered
67%
Scattered
67%
shades
67%
three
67%
time
67%
told
67%
too
67%
two
67%
Vinyl
67%
While
67%
years
67%
all
50%
ask
50%
best
50%
Blushing
50%
busy
50%
but
50%
conversations
50%
'cross
50%
days
50%
didn't
50%
Dinner
50%
face
50%
fine
50%
halls
50%
here
50%
here's
50%
keep
50%
last
50%
leaving
50%
lied
50%
long
50%
look
50%
much
50%
north
50%
Our
50%
our
50%
party
50%
race
50%
saying
50%
that
50%
We'd
50%
were
50%
where
50%
with
50%
4runner
33%
beat-up
33%
belong
33%
could've
33%
Going
33%
Hmm
33%
tried
33%
Headed
17%
then
17%
No matching quizzes found
Score Distribution
Percent of People with Each Score
Percentile by Number Answered
Your Score History
You have not taken this quiz